Uczestnicy Mistrzostw Europy w piłce nożnej - Statystyki

Ogólne statystyki
  • Ten quiz został rozwiązany 119 razy
    104 od ostatniego zresetowania
  • Średni wynik to 37 z 41
Statystyki odpowiedzi
Reprezentacja % Poprawnych
Anglia
98%
Belgia
98%
Polska
98%
Portugalia
98%
Słowacja
98%
Czechy
97%
Francja
97%
Holandia
97%
Irlandia
97%
Austria
96%
Hiszpania
96%
Niemcy
96%
Rosja
96%
Szwecja
96%
Ukraina
96%
Dania
94%
Rumunia
94%
Szwajcaria
94%
Włochy
94%
Grecja
93%
Irlandia Północna
93%
Norwegia
93%
Słowenia
93%
Szkocja
93%
Finlandia
92%
Albania
91%
Bułgaria
90%
Chorwacja
90%
Islandia
90%
Turcja
90%
Walia
90%
Węgry
90%
Gruzja
89%
Serbia
88%
Czechosłowacja
84%
Łotwa
82%
Jugosławia
80%
Macedonia Północna
80%
ZSRR
79%
RFN
70%
WNP
16%
Nie znaleziono quizów pasujących do podanych kryteriów
Rozkład punktacji
Procent ludzi z każdym wynikiem
Percentyl według liczby udzielonych odpowiedzi
Twoja historia wyników
Nie rozwiązałeś tego quizu od ostatniego zresetowania